000 01070am a2200349a 44500
003 AR-BaBNM
005 20251128205226.0
008 047019s1970 #AR|||||||||||000 | esp||
040 _cAR-BaBNM
100 1 _aTibbetts, John
245 1 0 _aGuía para los educadores de los países en desarrollo
250 _a1ª ed.
260 _aBuenos Aires
_bPaidós
_c1970
300 _a268 p.
_btablas, diagr.
490 0 _aBiblioteca del educador contemporáneo. Mayor
_vv. 12
504 _aBibliografía: p. 263-268
504 _aContiene apéndice y bibliografía comentada
650 4 _aEDUCACION COMPARADA
650 4 _aPAISES EN DESARROLLO
650 4 _aROL DEL DOCENTE
650 4 _aMETODOS DE ENSEÑANZA
650 4 _aTECNICAS DE ENSEÑANZA
650 4 _aEVALUACION
653 _aPROCESO DE ENSEÑANZA-APRENDIZAJE
700 1 _aAkeson, Merle
700 1 _aSilverman, Marvin
700 1 _aDelfino, Dora
_etraductor
800 1 _aRomero Brest, Gilda Lamarque de
_edirector
800 1 _aBernstein, Jaime
_edirector
942 _cBK
998 _csilvi
999 _c10512
_d10512